000 00723nam a2200133Ia 4500
008 220615s9999||||xx |||||||||||||| ||und||
020 _a9782890000000
245 0 _aEmerging Challenges of Cardiovascular and Metabolic Dysfunctions in Cardio-oncology: From Bench to Bedside
546 _aEnglish[eng]
650 _acardiooncology||cardiotoxicity||antracyclines||biomarkers||GPCR (G protein coupled receptors)||epigenetics (methylation/demethylation)||HPSC-cardiomyocytes||HDLP
700 _aNebigil, Canan G.||Rassaf, Tienush||Chan, Michael W.Y.
856 _uhttps://www.frontiersin.org/research-topics/10224/emerging-challenges-of-cardiovascular-and-metabolic-dysfunctions-in-cardio-oncology-from-bench-to-be
942 _cEB
999 _c9859
_d9859